Reflexiones sobre la democracia LTDA. en América Latina

Đã lưu trong:
Chi tiết về thư mục
Tác giả chính: Fals Borda, Orlando
Định dạng: Texto
Được phát hành: Panamá: Universidad de Panamá
Các nhãn: Thêm thẻ
Không có thẻ, Là người đầu tiên thẻ bản ghi này!

MARC

LEADER 00000 a a2200000 04500
001 21506
003
040
090 |a 095000  
100 |a Fals Borda, Orlando  
245 |a Reflexiones sobre la democracia LTDA. en América Latina  
260 |a Panamá:   |b Universidad de Panamá  
300 |a 9 p.  
999 |c 1138  |d 1138